| 000 | 00779nam a2200229 i 4500 | ||
|---|---|---|---|
| 001 | 102177 | ||
| 003 | ES-MaACL | ||
| 005 | 20231228063219.0 | ||
| 007 | t| | ||
| 008 | 051107s1956 sp |||| | spa d | ||
| 100 | 1 |
_aMenéndez y Pelayo, Marcelino, _d1856-1912 _980332 |
|
| 245 | 1 | 3 |
_aLa mística española / _cMarcelino Menéndez Pelayo; edición y estudio preliminar de Pedro Sáinz Rodríguez. |
| 250 | _a2ª ed. | ||
| 260 |
_aMadrid : _bAfrodisio Aguado, _c1956. |
||
| 300 |
_a419 p. ; _c19 cm. |
||
| 490 | 1 | _aClásicos y maestros | |
| 650 |
_aLiteratura mística española- _xHistoria y crítica. _9149216 |
||
| 700 | 1 |
_aSainz Rodríguez, Pedro, _d1898-1986 _9101608 |
|
| 830 | 1 |
_aClásicos y maestros _9181272 |
|
| 852 |
_aES-MaACL _jC-11067 |
||
| 999 |
_c102177 _d102177 |
||